| 000 | 01172cam a2200313 i 4500 | ||
|---|---|---|---|
| 999 |
_c9450 _d9450 |
||
| 001 | 20236056 | ||
| 003 | GZU | ||
| 005 | 20210615121603.0 | ||
| 008 | 180103s2016 sa b 001 0 eng | ||
| 010 | _a 2017493013 | ||
| 020 | _a9780409019049 | ||
| 040 |
_aDLC _beng _erda _cDLC |
||
| 042 | _apcc | ||
| 043 | _af-sa--- | ||
| 050 | 0 | 0 |
_aKF8810 _b.TER 2007 |
| 100 | 1 |
_aTerblanche, S. S. _eauthor. |
|
| 245 | 1 | 2 |
_aA guide to sentencing in South Africa / _cS.S. Terblanche, B Iur (PU for CHE) LLD (SA), professor of law, Department of Criminal and Procedural Law, University of South Africa, advocate of the High Court of South Africa. |
| 250 | _a2nd. edition. | ||
| 264 | 1 |
_aDurban : _bLexisNexis, _c2007. |
|
| 300 |
_axi, 562 pages ; _c24 cm |
||
| 336 |
_atext _btxt _2rdacontent |
||
| 337 |
_aunmediated _bn _2rdamedia |
||
| 338 |
_avolume _bnc _2rdacarrier |
||
| 504 | _aIncludes bibliographical references (pages 493-501) and index. | ||
| 650 | 0 |
_aSentences (Criminal procedure) _zSouth Africa. |
|
| 906 |
_a7 _bcbc _corignew _d2 _encip _f20 _gy-gencatlg |
||
| 942 |
_2lcc _cBK _h8810 _iTER _kKF |
||